| 000 | 01670cam a2200373 a 4500 | ||
|---|---|---|---|
| 001 | 1013652 | ||
| 005 | 20170105102930.0 | ||
| 008 | 871030s1987 sz a b i001 0 eng | ||
| 010 | _a 87201015 | ||
| 020 | _a9024734606 | ||
| 040 |
_aDLC _cDLC _dDLC |
||
| 041 | 1 |
_aeng _hfre |
|
| 050 | 0 | 0 |
_aKZ6464.3 _b.Z4 1987 |
| 082 |
_a341.67 _bCOM 1987 |
||
| 130 | 0 |
_aCommentaire des protocoles additionnels du 8 juin 1977 aux conventions de Genève du 12 août 1949. _lEnglish. |
|
| 245 | 0 | 0 |
_aCommentary on the additional protocols of 8 June 1977 to the Geneva Conventions of 12 August 1949 / _cClaude Pilloud ... [et al.] ; editors, Yves Sandoz, Christophe Swinarski, Bruno Zimmermann. |
| 260 |
_aGeneva : _bInternational Committee of the Red Cross : _bMartinus Nijhoff Publishers ; _aNorwell, MA, USA : _bDistributors for the United States and Canada, Kluwer Academic Publishers, _c1987. |
||
| 300 |
_axxxv, 1625 p. : _bill. ; _c25 cm. |
||
| 504 | _aIncludes bibliographical references (p. 1581-1596) and index. | ||
| 630 | 0 | 0 |
_aGeneva Conventions _d(1949). _kProtocols, etc., _d1977 June 8. |
| 650 | 0 | _aHumanitarian law. | |
| 650 | 0 |
_aWar victims _xLegal status, laws, etc. |
|
| 650 | 0 |
_aPrisoners of war _xLegal status, laws, etc. |
|
| 700 | 1 | _aPilloud, Claude. | |
| 700 | 1 | _aSandoz, Yves. | |
| 700 | 1 | _aSwinarski, Christophe. | |
| 700 | 1 | _aZimmermann, Bruno. | |
| 710 | 2 | _aInternational Committee of the Red Cross. | |
| 730 | 0 | 2 |
_aGeneva Conventions _d(1949). _kProtocols, etc., _d1977 June 8. |
| 906 |
_a7 _bcbc _corignew _d3 _encip _f19 _gy-gencatlg |
||
| 942 |
_2ddc _cREF |
||
| 999 |
_c16034 _d16034 |
||